The Dollar
Zapisane w:
| 1. autor: | |
|---|---|
| Format: | Książka |
| Język: | Undetermined |
| Wydane: |
New York
W. W. Norton & Company, Inc
1963
|
| Hasła przedmiotowe: | |
| Etykiety: |
Dodaj etykietę
Nie ma etykietki, Dołącz pierwszą etykiete!
|
| Thư viện lưu trữ: | Trung tâm Học liệu Trường Đại học Cần Thơ |
|---|
| LEADER | 00491nam a2200193Ia 4500 | ||
|---|---|---|---|
| 001 | CTU_82263 | ||
| 008 | 210402s9999 xx 000 0 und d | ||
| 082 | |a 332.1 | ||
| 082 | |b H296 | ||
| 100 | |a Harrod, Roy | ||
| 245 | 4 | |a The Dollar | |
| 245 | 0 | |c Roy Harrod | |
| 260 | |a New York | ||
| 260 | |b W. W. Norton & Company, Inc | ||
| 260 | |c 1963 | ||
| 650 | |a Banks and banking | ||
| 650 | |x Corperative | ||
| 904 | |i Trọng Hải | ||
| 980 | |a Trung tâm Học liệu Trường Đại học Cần Thơ | ||